| 000 | 01038cam a22003133a 4500 | ||
|---|---|---|---|
| 001 | 31007 | ||
| 003 | PGUSA | ||
| 005 | 20140828083654.0 | ||
| 008 | 100118s2010||||xxu|||||s|||||000 1 eng d | ||
| 040 |
_aPGUSA _beng |
||
| 042 | _adc | ||
| 050 | 4 | _aPZ | |
| 100 | 1 |
_aMolesworth, _cMrs, _d1839-1921 |
|
| 245 | 1 | 4 |
_aThe Girls and I : _bA Veracious History _h[electronic resource] / _cMolesworth, |
| 260 |
_bProject Gutenberg, _c2010 |
||
| 506 | _aPublic domain in the USA. | ||
| 516 | _aElectronic text | ||
| 653 | _aMothers and sons -- Juvenile fiction | ||
| 653 | _aGovernesses -- Juvenile fiction | ||
| 653 | _aConduct of life -- Juvenile fiction | ||
| 653 | _aDiamond jewelry -- Juvenile fiction | ||
| 653 | _aChildren -- Conduct of life -- Juvenile fiction | ||
| 653 | _aBrothers and sisters -- Juvenile fiction | ||
| 653 | _aPlay -- Juvenile fiction | ||
| 700 | 1 |
_aBrooke, L. Leslie _q(Leonard Leslie), _d1862-1940 |
|
| 830 | 0 |
_aProject Gutenberg _v31007 |
|
| 856 | 4 | 0 | _uhttp://www.gutenberg.org/ebooks/31007 |
| 942 | _cEB | ||
| 999 |
_c260262 _d260262 |
||